[Event "Carlos Torre Memorial op 33rd"]
[Site "Merida"]
[Date "2023.12.15"]
[Round "1"]
[White "Alvarez Pedraza, Aramis"]
[Black "Sepliarsky, Mario"]
[Result "1-0"]
[WhiteElo "2452"]
[BlackElo "2085"]
[PlyCount "103"]
[EventDate "2023.12.15"]
[EventType "swiss"]
[EventRounds "9"]
[EventCountry "MEX"]
[SourceTitle "CB52_2023"]
[SourceDate "2023.12.27"]
[SourceVersion "1"]
[SourceVersionDate "2023.12.27"]
[SourceQuality "1"]

1. Nf3 d5 2. e3 Nf6 3. c4 e6 4. b3 Be7 5. Bb2 0-0 6. Nc3 c5 7. cxd5 exd5 8. d4 Nc6 9. Be2 Be6 10. dxc5 Bxc5 11. 0-0 Ne4 12. Rc1 Bb6 13. Nb5 Rc8 14. Nfd4 Bd7 15. Bf3 Nxd4 16. Nxd4 Rxc1 17. Qxc1 Qg5 18. Qc2 Rc8 19. Qd3 Re8 20. Rd1 h5 21. Nc2 Bc6 22. Bxe4 dxe4 23. Qc3 Re6 24. Nb4 Rg6 25. g3 h4 26. Nxc6 Rxc6 27. Rd5 Rxc3 28. Rxg5 Rc2 29. Bxg7 h3 30. Kf1 Rc1+ 31. Ke2 Rc2+ 32. Ke1 Rxa2 33. Bd4+ Kf8 34. Bxb6 axb6 35. Rh5 Rb2 36. Rxh3 Rxb3 37. Rh4 Rb4 38. Rf4 Kg7 39. Kd2 Ra4 40. Kc3 b5 41. Kb3 Kg6 42. g4 Kg5 43. h3 f6 44. Rf5+ Kg6 45. Rxb5 Ra1 46. Kc3 Rh1 47. Kd4 Rxh3 48. Kxe4 Rh7 49. Kf4 Rc7 50. e4 Rd7 51. Rb6 Kg7 52. Kf5 1-0

[Event "Roquetas de Mar op 34th"]
[Site "Roquetas de Mar"]
[Date "2023.01.06"]
[Round "6"]
[White "Alvarez Pedraza, Aramis"]
[Black "Ajay, Karthikeyan"]
[Result "1/2-1/2"]
[WhiteElo "2451"]
[BlackElo "2442"]
[PlyCount "106"]
[EventDate "2023.01.03"]
[EventType "swiss"]
[EventRounds "9"]
[EventCountry "ESP"]
[SourceTitle "CBM 212 Extra"]
[Source "ChessBase"]
[SourceDate "2023.03.31"]
[SourceVersion "1"]
[SourceVersionDate "2023.03.31"]
[SourceQuality "1"]

1. b3 e5 2. Bb2 Nc6 3. c4 Nge7 4. e3 d5 5. cxd5 Nxd5 6. a3 Bd6 7. d3 0-0 8. Nf3 Qe7 9. Nbd2 b6 10. b4 Bb7 11. Be2 Rae8 12. Nc4 a6 13. Qb3 Kh8 14. Nxd6 Qxd6 15. 0-0 f5 16. Rfd1 h6 17. d4 e4 18. Ne5 f4 19. exf4 Nxf4 20. Bf1 e3 21. Qxe3 Nxe5 22. dxe5 Qg6 23. Qg3 Qc2 24. Bc3 Re6 25. Rd4 Nh5 26. Qe3 Rxe5 27. Rd2 Rxe3 28. Rxc2 Re7 29. Re1 Rd7 30. Be5 Re8 31. Rce2 Kg8 32. Rc1 c5 33. bxc5 bxc5 34. Re3 Nf6 35. Bxf6 Rxe3 36. fxe3 gxf6 37. Rxc5 Rd2 38. Rc7 Be4 39. Ra7 f5 40. h4 h5 41. Kh2 Rf2 42. Kg1 Rd2 43. a4 Kh8 44. a5 Kg8 45. Kh2 Rf2 46. Kg1 Rd2 47. Bxa6 Rxg2+ 48. Kf1 Rh2 49. Bc4+ Kh8 50. Rc7 Rxh4 51. a6 Rh1+ 52. Kf2 h4 53. a7 Ra1 1/2-1/2

[Event "Roquetas de Mar op 34th"]
[Site "Roquetas de Mar"]
[Date "2023.01.04"]
[Round "3"]
[White "Prado Lobo, Jonas"]
[Black "Alvarez Pedraza, Aramis"]
[Result "1/2-1/2"]
[WhiteElo "2306"]
[BlackElo "2451"]
[PlyCount "48"]
[EventDate "2023.01.03"]
[EventType "swiss"]
[EventRounds "9"]
[EventCountry "ESP"]
[SourceTitle "CBM 212 Extra"]
[Source "ChessBase"]
[SourceDate "2023.03.31"]
[SourceVersion "1"]
[SourceVersionDate "2023.03.31"]
[SourceQuality "1"]

1. Nf3 Nf6 2. c4 e6 3. e3 b6 4. b3 Bb7 5. Bb2 g6 6. g3 Bg7 7. Bg2 0-0 8. 0-0 a5 9. Nc3 d5 10. d4 Qe7 11. Ne5 Rd8 12. Rc1 Na6 13. Qe2 c5 14. cxd5 cxd4 15. exd4 Nxd5 16. Nxd5 exd5 17. Qb5 Qb4 18. Qxb4 axb4 19. Nd3 Rac8 20. Bh3 Ra8 21. Bg2 Rac8 22. Bh3 Ra8 23. Bg2 Rac8 24. Bh3 Ra8 1/2-1/2

[Event "Roquetas de Mar op 34th"]
[Site "Roquetas de Mar"]
[Date "2023.01.03"]
[Round "1"]
[White "Sicilia Laino, Juan Diego"]
[Black "Alvarez Pedraza, Aramis"]
[Result "0-1"]
[WhiteElo "2048"]
[BlackElo "2451"]
[PlyCount "80"]
[EventDate "2023.01.03"]
[EventType "swiss"]
[EventRounds "9"]
[EventCountry "ESP"]
[SourceTitle "CBM 212 Extra"]
[Source "ChessBase"]
[SourceDate "2023.03.31"]
[SourceVersion "1"]
[SourceVersionDate "2023.03.31"]
[SourceQuality "1"]

1. e4 c5 2. Nf3 e6 3. d4 cxd4 4. Nxd4 a6 5. Nc3 b5 6. a3 Bb7 7. Bd3 Qb6 8. Nb3 Qc7 9. 0-0 Nf6 10. Qe2 d6 11. f4 Nbd7 12. Bd2 Be7 13. Rae1 h5 14. Nd1 Nc5 15. Nf2 Rc8 16. Nxc5 Qxc5 17. Be3 Qc6 18. Bd4 h4 19. c3 Bd8 20. Ng4 h3 21. g3 Bb6 22. Bxb6 Qxb6+ 23. Nf2 e5 24. Qe3 Qc6 25. f5 Ke7 26. g4 Rh4 27. g5 Nd7 28. Nh1 f6 29. Ng3 Nc5 30. g6 d5 31. Rf2 Rd8 32. Rfe2 dxe4 33. Bxe4 Nxe4 34. Nxe4 Rg4+ 35. Kf1 Rf4+ 36. Qxf4 exf4 37. Nc5+ Kf8 38. Ne6+ Kg8 39. Nxf4 Qh1+ 40. Kf2 Qxh2+ 0-1

[Event "Lorca Christmas op"]
[Site "Lorca"]
[Date "2022.12.28"]
[Round "4"]
[White "Alvarez Pedraza, Aramis"]
[Black "Perez Mitjans, Orelvis"]
[Result "1-0"]
[WhiteElo "2451"]
[BlackElo "2344"]
[PlyCount "55"]
[EventDate "2022.12.26"]
[EventType "swiss"]
[EventRounds "9"]
[EventCountry "ESP"]
[SourceTitle "CBM 211 Extra"]
[Source "ChessBase"]
[SourceDate "2023.01.31"]
[SourceVersion "1"]
[SourceVersionDate "2023.01.31"]
[SourceQuality "1"]

1. Nf3 Nf6 2. b3 d5 3. Bb2 Bg4 4. e3 Nbd7 5. h3 Bh5 6. c4 e6 7. Nc3 c6 8. Be2 a6 9. d3 Bd6 10. g4 Bg6 11. g5 Nh5 12. Rg1 h6 13. Nh4 hxg5 14. Nxg6 fxg6 15. d4 Qa5 16. Qc2 0-0-0 17. 0-0-0 Ba3 18. Rxg5 Nhf6 19. Bf1 Kb8 20. Rxg6 e5 21. Rxg7 dxc4 22. bxc4 exd4 23. exd4 Nb6 24. Qb3 Bxb2+ 25. Kxb2 Ne8 26. Re7 Rf8 27. Re5 Rxf2+ 28. Ka1 1-0

[Event "Oviedo op 8th"]
[Site "Oviedo"]
[Date "2022.07.23"]
[Round "9"]
[White "Alvarez Pedraza, Aramis"]
[Black "Galperin, Platon"]
[Result "1-0"]
[WhiteElo "2440"]
[BlackElo "2518"]
[PlyCount "79"]
[EventDate "2022.07.17"]
[EventType "swiss"]
[EventRounds "9"]
[EventCountry "ESP"]
[SourceTitle "CBM 209 Extra"]
[Source "ChessBase"]
[SourceDate "2022.09.30"]
[SourceVersion "1"]
[SourceVersionDate "2022.09.30"]
[SourceQuality "1"]

1. d4 Nf6 2. c4 e6 3. Nc3 Bb4 4. e3 0-0 5. Bd2 c5 6. a3 Bxc3 7. Bxc3 Ne4 8. Rc1 d6 9. Nf3 Nd7 10. Be2 Ndf6 11. 0-0 Nxc3 12. Rxc3 b6 13. b4 Bb7 14. Qb3 Ne4 15. Rcc1 Ng5 16. Ne1 Nh3+ 17. Kh1 Qg5 18. f4 Qh4 19. Nf3 Bxf3 20. Bxf3 Nf2+ 21. Kg1 Ng4 22. h3 Nf6 23. Bxa8 Rxa8 24. bxc5 dxc5 25. dxc5 bxc5 26. Qb7 Rf8 27. Qxa7 Ne4 28. Qa5 f5 29. Qe1 Qe7 30. a4 Ra8 31. Ra1 Qb7 32. Qb1 Qa7 33. Qb5 Nc3 34. Qc6 Kf7 35. Ra3 Ne4 36. Rb1 Qa5 37. Qb5 Nd2 38. Qd7+ Kf6 39. Rb7 Nf3+ 40. Kf2 1-0

[Event "Benasque op 41st"]
[Site "Benasque"]
[Date "2022.07.13"]
[Round "8"]
[White "Peralta, Fernando"]
[Black "Alvarez Pedraza, Aramis"]
[Result "1/2-1/2"]
[WhiteElo "2591"]
[BlackElo "2440"]
[PlyCount "77"]
[EventDate "2022.07.06"]
[EventType "swiss"]
[EventRounds "10"]
[EventCountry "ESP"]
[SourceTitle "EXT 2023"]
[Source "ChessBase"]
[SourceDate "2022.10.05"]
[SourceVersion "1"]
[SourceVersionDate "2022.10.05"]
[SourceQuality "1"]

1. d4 Nf6 2. c4 c5 3. d5 b5 4. cxb5 a6 5. bxa6 e6 6. Nc3 exd5 7. Nxd5 Be7 8. Nxe7 Qxe7 9. Bf4 d5 10. e3 0-0 11. Nf3 Rd8 12. Bb5 d4 13. Qe2 c4 14. Bxc4 Qb4+ 15. Nd2 Bxa6 16. Bxa6 Nxa6 17. 0-0 d3 18. Qd1 Qxb2 19. Nf3 Ne4 20. Be5 Qa3 21. Nd2 Nxd2 22. Qxd2 Nb4 23. Rab1 Nc6 24. Ba1 f6 25. Rfc1 Rd6 26. Rb2 Ne5 27. h3 Qa4 28. Rb4 Qxa2 29. Qxa2+ Rxa2 30. Rd1 Nc6 31. Rb6 Kf7 32. Bd4 d2 33. Bc5 Re6 34. Rb7+ Kg6 35. Rd7 Rc2 36. Ba3 Ra2 37. Bc5 Rc2 38. Ba3 Ra2 39. Bc5 1/2-1/2

[Event "Titled Tuesday intern op 26th May"]
[Site "Chess.com INT"]
[Date "2020.05.26"]
[Round "4"]
[White "Alvarez Pedraza, Aramis"]
[Black "Bodnaruk, Anastasia"]
[Result "1/2-1/2"]
[WhiteElo "2440"]
[BlackElo "2411"]
[PlyCount "96"]
[EventDate "2020.05.26"]
[EventType "swiss (blitz)"]
[EventRounds "10"]
[EventCountry "USA"]
[SourceTitle "CBM 196 Extra"]
[Source "ChessBase"]
[SourceDate "2020.07.31"]
[SourceVersion "1"]
[SourceVersionDate "2020.07.31"]
[SourceQuality "1"]

1. d4 Nf6 2. c4 g6 3. Nc3 Bg7 4. e4 d6 5. Nge2 0-0 6. Ng3 e5 7. d5 Na6 8. Be2 h5 9. 0-0 h4 10. Nh1 Nh7 11. Be3 f5 12. exf5 gxf5 13. f4 Nf6 14. Nf2 Qe8 15. Qd2 Qg6 16. Rae1 Bd7 17. Kh1 Rae8 18. Rg1 Ng4 19. Nxg4 fxg4 20. Rgf1 exf4 21. Rxf4 Rxf4 22. Bxf4 Nc5 23. Bf1 Rxe1 24. Qxe1 Qf5 25. Be3 Nd3 26. Bxd3 Qxd3 27. Qe2 Qxe2 28. Nxe2 Bxb2 29. Bxa7 b6 30. Bb8 b5 31. cxb5 Bxb5 32. Nf4 Be5 33. Ng6 Kf7 34. Nxe5+ dxe5 35. Bxc7 Bc4 36. Bxe5 Bxd5 37. Kg1 Bxa2 38. Bf4 h3 39. g3 Bd5 40. Kf2 Ke6 41. Ke3 Kf5 42. Bb8 Bb7 43. Kd4 Bg2 44. Kc5 Bh1 45. Kd4 Bg2 46. Bf4 Bh1 47. Be3 Bg2 48. Bf4 Bh1 1/2-1/2

[Event "Titled Tuesday intern op 26th May"]
[Site "Chess.com INT"]
[Date "2020.05.26"]
[Round "1"]
[White "Alvarez Pedraza, Aramis"]
[Black "Christensen, Thomas1111"]
[Result "1-0"]
[WhiteElo "2440"]
[BlackElo "2143"]
[PlyCount "52"]
[EventDate "2020.05.26"]
[EventType "swiss (blitz)"]
[EventRounds "10"]
[EventCountry "USA"]
[SourceTitle "CBM 196 Extra"]
[Source "ChessBase"]
[SourceDate "2020.07.31"]
[SourceVersion "1"]
[SourceVersionDate "2020.07.31"]
[SourceQuality "1"]

1. d4 Nc6 2. Nf3 d6 3. c4 g6 4. d5 Ne5 5. Nxe5 dxe5 6. Nc3 Bg7 7. g3 f5 8. e4 Nf6 9. Bg2 0-0 10. 0-0 fxe4 11. Nxe4 Nxe4 12. Bxe4 Bf5 13. Qc2 Bh3 14. Re1 Qd6 15. Bg5 Rf7 16. c5 Qd7 17. c6 bxc6 18. Qxc6 Qxc6 19. dxc6 Rd8 20. Rad1 Rd6 21. Be3 a6 22. Bc5 Rdf6 23. Rd7 h5 24. Rxc7 e6 25. Rxf7 Rxf7 26. Bd6 h4 1-0

[Event "Titled Tuesday intern op 26th May"]
[Site "Chess.com INT"]
[Date "2020.05.26"]
[Round "2"]
[White "Alvarez Pedraza, Aramis"]
[Black "Kollars, Dmitrij"]
[Result "0-1"]
[WhiteElo "2440"]
[BlackElo "2586"]
[PlyCount "72"]
[EventDate "2020.05.26"]
[EventType "swiss (blitz)"]
[EventRounds "10"]
[EventCountry "USA"]
[SourceTitle "CBM 196 Extra"]
[Source "ChessBase"]
[SourceDate "2020.07.31"]
[SourceVersion "1"]
[SourceVersionDate "2020.07.31"]
[SourceQuality "1"]

1. d4 Nf6 2. c4 e6 3. Nc3 Bb4 4. Bg5 c5 5. d5 d6 6. e3 0-0 7. Bd3 h6 8. Bh4 exd5 9. cxd5 Nbd7 10. Nge2 Ne5 11. Bc2 Ng6 12. Bg3 Nh5 13. a3 Ba5 14. 0-0 a6 15. Rb1 b5 16. b4 Bb6 17. a4 cxb4 18. Rxb4 Nxg3 19. hxg3 Bc5 20. Rb1 b4 21. Ne4 Qc7 22. Nxc5 Qxc5 23. Rc1 Qb6 24. Bxg6 fxg6 25. Nd4 Bd7 26. Qd3 Kh7 27. Nc6 a5 28. Rc4 Bf5 29. Qb3 Rae8 30. Rfc1 Re4 31. Nd4 Bd7 32. Rc7 Rf7 33. Qb2 Re5 34. Nf3 Rxd5 35. Nd4 Rc5 36. Nb3 Rxc7 0-1

[Event "Titled Tuesday intern op 26th May"]
[Site "Chess.com INT"]
[Date "2020.05.26"]
[Round "6"]
[White "Savchenko, Boris"]
[Black "Alvarez Pedraza, Aramis"]
[Result "1-0"]
[WhiteElo "2564"]
[BlackElo "2440"]
[PlyCount "127"]
[EventDate "2020.05.26"]
[EventType "swiss (blitz)"]
[EventRounds "10"]
[EventCountry "USA"]
[SourceTitle "CBM 196 Extra"]
[Source "ChessBase"]
[SourceDate "2020.07.31"]
[SourceVersion "1"]
[SourceVersionDate "2020.07.31"]
[SourceQuality "1"]

1. e4 c6 2. d3 g6 3. Nd2 d5 4. Ngf3 Bg7 5. h3 e5 6. c3 Ne7 7. Qe2 0-0 8. g4 a5 9. a4 Na6 10. exd5 Nxd5 11. Nc4 Nf4 12. Bxf4 exf4 13. 0-0-0 Re8 14. Qc2 b5 15. Ncd2 b4 16. d4 bxc3 17. bxc3 Be6 18. Re1 Qd6 19. Bxa6 Rxa6 20. Ng5 Qa3+ 21. Qb2 Qxa4 22. Nxe6 fxe6 23. Re4 c5 24. dxc5 Qc6 25. Qa3 Rc8 26. Kc2 Qxc5 27. Qxc5 Rxc5 28. c4 a4 29. Rb1 Rc8 30. Nf3 a3 31. Ne5 Bxe5 32. Rxe5 a2 33. Ra1 Rxc4+ 34. Kb3 Rc8 35. Rb5 Rd8 36. g5 Rd3+ 37. Kc4 Rf3 38. Rb8+ Kf7 39. Rb7+ Kf8 40. Rd1 Ra8 41. Ra1 Rxf2 42. Kd4 f3 43. Ke5 Re2+ 44. Kf6 f2 45. Rxh7 Kg8 46. Kxg6 Re1 47. Rg7+ Kh8 48. Rh7+ Kg8 49. Rg7+ Kf8 50. Rf7+ Ke8 51. Rxf2 Rxa1 52. Kg7 Rg1 53. Rf8+ Ke7 54. Rxa8 Kd6 55. Rxa2 Rxg5+ 56. Kf6 Rh5 57. Rd2+ Kc7 58. Rh2 Kd6 59. h4 e5 60. Kg6 Rh8 61. h5 e4 62. h6 Ke5 63. h7 e3 64. Rh4 1-0

[Event "Titled Tuesday intern op 12th May"]
[Site "Chess.com INT"]
[Date "2020.05.12"]
[Round "7"]
[White "Gumularz, Szymon"]
[Black "Alvarez Pedraza, Aramis"]
[Result "0-1"]
[WhiteElo "2513"]
[BlackElo "2440"]
[PlyCount "56"]
[EventDate "2020.05.12"]
[EventType "swiss (blitz)"]
[EventRounds "10"]
[EventCountry "USA"]
[SourceTitle "CBM 196 Extra"]
[Source "ChessBase"]
[SourceDate "2020.07.31"]
[SourceVersion "1"]
[SourceVersionDate "2020.07.31"]
[SourceQuality "1"]

1. e4 c6 2. d4 d5 3. e5 Bf5 4. f3 e6 5. f4 c5 6. Nf3 Nc6 7. Be3 cxd4 8. Nxd4 Nxd4 9. Bxd4 Ne7 10. Nc3 Nc6 11. Bf2 Bb4 12. a3 Bxc3+ 13. bxc3 Qa5 14. Qd2 0-0-0 15. a4 d4 16. cxd4 Qxd2+ 17. Kxd2 Nxd4 18. Kc3 Nxc2 19. Rc1 Kb8 20. Bb5 a6 21. Bc4 Rc8 22. Kb3 Rc6 23. Be2 Rhc8 24. Kb2 Nb4 25. Rxc6 Rxc6 26. Kb3 Nd5 27. Bf3 Rc3+ 28. Kb2 Rc2+ 0-1